=LDR 00000nam 2200000 4500 =001 INLIS000000000043424 =005 20131008103308 =008 ***********************************ind** =035 ##$$0010-101300000001346 =041 ##$$a ind =082 ##$$a 371.756 7 =090 ##$$a 371.756 7, Wir t =100 ##$$a WIRADIPRAJA, E. Saepullah =245 ##$$a Tanggung jawab pengangkut dalam hukum pengangkutan udara internasional dan nasional, E Saefullah Wiradipradja =260 ##$$a 1981 $b Yogyakarta =300 ##$$a xiii 274 hlm, 22 cm =650 ##$$a KERJASAMA INTERNASIONAL =850 ##$$a NBPNMAT =990 ##$$a 0001/BPAP-NTB/20142015 =990 ##$$a 0001/BPAP-NTB/20142015